La legislación minera (Record no. 153734)

MARC details
000 -LEADER
campo de control de longitud fija 01634nam a22002655i 4500
001 - NÚMERO DE CONTROL
campo de control 153734
003 - IDENTIFICADOR DE NÚMERO DE CONTROL
campo de control ES-MaACL
005 - FECHA Y HORA DE LA ÚLTIMA TRANSACCIÓN
campo de control 20250827062628.0
008 - DATOS DE LONGITUD FIJA--INFORMACIÓN GENERAL
campo de control de longitud fija 970818s1890 sp |||| | spa d
040 ## - FUENTE DE CATALOGACIÓN
Centro catalogador/agencia de origen CLM
Lengua de catalogación spa
Centro/agencia transcriptor CLM
110 1# - ENTRADA PRINCIPAL--NOMBRE DE ENTIDAD CORPORATIVA
Nombre de entidad corporativa o nombre de jurisdicción como elemento de entrada España
9 (RLIN) 3622
240 10 - TÍTULO UNIFORME
Título uniforme [Leyes, etc. de minas]
245 13 - MENCIÓN DEL TÍTULO
Título La legislación minera
Resto del título : colección completa de leyes, reglamentos, reales órdenes y demás resoluciones complementarias dictadas para su ejecución, de la jurisprudencia civil, administrativa y contenciosa y de cuantas disposiciones se refieren á la adquisición, explotación, desagüe y tributación de las minas /
Mención de responsabilidad, etc. compilada y anotada y con una introducción expositivo-crítica de los sistemas acerca del fundamento de esta propiedad, é historia de nuestra legislación minera por Ramón Sánchez de Ocaña y Máximo Sánchez de Ocaña.
260 ## - PUBLICACIÓN, DISTRIBUCIÓN, ETC.
Lugar de publicación, distribución, etc. Madrid :
Nombre del editor, distribuidor, etc. [s.n.],
Fecha de publicación, distribución, etc. 1890 (
Fabricante Imprenta de Enrique Maroto y hermano)
300 ## - DESCRIPCIÓN FÍSICA
Extensión 702 p. ;
Dimensiones 24 cm.
490 1# - MENCIÓN DE SERIE
Mención de serie Manual del abogado y del ingeniero de minas
530 ## - NOTA DISPONIBLE DE FORMULARIO FÍSICO ADICIONAL
Nota de formato físico adicional disponible Disponible en formato digital.
650 ## - PUNTO DE ACCESO ADICIONAL DE MATERIA--TÉRMINO DE MATERIA
Término de materia o nombre geográfico como elemento de entrada Minas-
Subdivisión general Derecho y legislación-
Subdivisión geográfica España.
9 (RLIN) 175982
700 1# - ENTRADA AGREGADA--NOMBRE PERSONAL
Nombre de persona Sánchez de Ocaña, Ramón.
9 (RLIN) 102594
700 1# - ENTRADA AGREGADA--NOMBRE PERSONAL
Nombre de persona Sánchez de Ocaña, Máximo.
9 (RLIN) 133027
830 0# - PUNTO DE ACCESO ADICIONAL DE SERIE-TÍTULO UNIFORME
Título uniforme Manual del abogado y del ingeniero de minas
9 (RLIN) 221438
852 ## - LOCALIZACIÓN
Ubicación ES-MaACL
Número de control de estantería B-7983
Nota libre -- Enc. hol.
-- -- Sello de la Direccion Genral de Agricultura, Industria y Comercio, Servicio Estadístico Minero
-- Legado de Federico de Botella y de Hornos
856 ## - LOCALIZACIÓN Y ACCESO ELECTRÓNICOS
Identificador Uniforme de Recursos <a href="http://bdh-rd.bne.es/viewer.vm?id=0000045549&page=1 ">http://bdh-rd.bne.es/viewer.vm?id=0000045549&page=1 </a>
Nota pública Biblioteca Digital Hispánica
Holdings
Estatus retirado Estado de pérdida Estado de daño No para préstamo Colección Biblioteca de origen Biblioteca actual Ubicación en estantería Fecha de adquisición Fuente de adquisición Total de préstamos Signatura topográfica completa Código de barras Visto por última vez Precio de reemplazo Tipo de ítem Koha
        Colección digital Biblioteca del Ateneo de Madrid Biblioteca del Ateneo de Madrid Sala Pardo Bazán 17/01/2008     B-7983 1160720 23/02/2023 23/02/2023 Libro impreso antiguo